| 000 | 00375nam a2200145Ia 4500 | ||
|---|---|---|---|
| 008 | 150201s2013 xx 000 0 und d | ||
| 082 |
_a612.3 _bI13M |
||
| 100 | _aMORE, JUDY | ||
| 245 | _aINFANT CHILD AND ADOLESCENT NUTRITION : A PRACTICAL HAND BOOK | ||
| 250 | _a1ST | ||
| 260 |
_bCRC,PRESS _aLONDON _c2013 |
||
| 300 | _a255 | ||
| 650 | _aNUTRITON & DIET | ||
| 942 |
_2ddc _cBK |
||
| 999 |
_c2214 _d2214 |
||